LEADER 01669nam0 22003491i 450 001 SUN0014311 005 20060509120000.0 010 $a88-8114-843-9 020 $aIT$b2000 1365 100 $a20031204d1999 |0itac50 ba 101 $aita 102 $aIT 105 $a|||| ||||| 200 1 $aCarl Schmitt tra decisione e ordinamento concreto$fAdalgiso Amendola 210 $aNapoli$cEdizioni scientifiche italiane$d[1999] 215 $a173 p.$d24 cm. 410 1$1001SUN0008835$12001 $aPubblicazioni dell'Università degli studi di Salerno. Sez. di Studi Giuridici$v20$1210 $aNapoli$cEdizioni scientifiche italiane$d1982-. 606 $aSchmitt, Carl$2FI$3SUNC007382 620 $dNapoli$3SUNL000005 676 $a320.092$v21 700 1$aAmendola$b, Adalgiso$3SUNV005813$03008 712 $aESI$3SUNV000952$4650 790 1$aAmendola, Adalgiso <1969- >$zAmendola, Adalgiso$3SUNV010411 790 1$aAmendola, A.$zAmendola, Adalgiso$3SUNV026822 801 $aIT$bSOL$c20181109$gRICA 912 $aSUN0014311 950 $aUFFICIO DI BIBLIOTECA DEL DIPARTIMENTO DI GIURISPRUDENZA$d00 CONS XXI.Eb.63 $e00 14980 950 $aUFFICIO DI BIBLIOTECA DEL DIPARTIMENTO DI GIURISPRUDENZA$d00 CONS XXI.Db.77 $e00 26275 995 $aUFFICIO DI BIBLIOTECA DEL DIPARTIMENTO DI GIURISPRUDENZA$h14980$kCONS XXI.Eb.63$op$qa 995 $aUFFICIO DI BIBLIOTECA DEL DIPARTIMENTO DI GIURISPRUDENZA$h26275$kCONS XXI.Db.77$op$qa 996 $aCarl Schmitt tra decisione e ordinamento concreto$9157297 997 $aUNICAMPANIA LEADER 02934nam 22005295 450 001 9910392737903321 005 20251116225206.0 010 $a981-15-2085-2 024 7 $a10.1007/978-981-15-2085-3 035 $a(CKB)4100000010160521 035 $a(MiAaPQ)EBC6036803 035 $a(DE-He213)978-981-15-2085-3 035 $a(EXLCZ)994100000010160521 100 $a20200204d2020 u| 0 101 0 $aeng 135 $aurcnu|||||||| 181 $ctxt$2rdacontent 182 $cc$2rdamedia 183 $acr$2rdacarrier 200 10$aExploring the Social Life of Japanese ?Manchurian Immigrants? /$fby Yanchun Shi 205 $a1st ed. 2020. 210 1$aSingapore :$cSpringer Singapore :$cImprint: Springer,$d2020. 215 $a1 online resource (206 pages) 311 08$a981-15-2084-4 327 $aThe Formulation and Implementation of the Policy on ?Manchuria Immigration? -- The Administration and Actual Life of ?Manchuria Immigrants? -- The Agricultural Operation of ?Manchuria Immigrants? -- The Education and Religious Belief of ?Manchuria Immigrants? -- Feminine Role in ?Manchuria Immigration? -- The Revolt of Chinese people and the Ending of ?Manchuria Immigrants?. 330 $aThe book studies the ?Manchurian immigrants? from many important aspects such as agricultural operation, education, religion, and women?s issues. It contains the following features: first, readers can get deeper understanding on the ?Manchurian immigrants? policies by investigating the agriculture-based social life of the ?Manchurian immigrants? in Northeast China; second, studying the life conditions of the ?Manchurian immigrants? can make up for the lack of researches in related field to some extent; third, readers are given chances by this book to learn Japanese society and Japanese people from another facet. 606 $aHuman geography 606 $aPhysical geography 606 $aEmigration and immigration 606 $aHuman Geography$3https://scigraph.springernature.com/ontologies/product-market-codes/X26000 606 $aWorld Regional Geography (Continents, Countries, Regions)$3https://scigraph.springernature.com/ontologies/product-market-codes/J19000 606 $aMigration$3https://scigraph.springernature.com/ontologies/product-market-codes/X24000 615 0$aHuman geography. 615 0$aPhysical geography. 615 0$aEmigration and immigration. 615 14$aHuman Geography. 615 24$aWorld Regional Geography (Continents, Countries, Regions). 615 24$aMigration. 676 $a304.60952 700 $aShi$b Yanchun$f1942-$4aut$4http://id.loc.gov/vocabulary/relators/aut$01875771 801 0$bMiAaPQ 801 1$bMiAaPQ 801 2$bMiAaPQ 906 $aBOOK 912 $a9910392737903321 996 $aExploring the Social Life of Japanese ?Manchurian Immigrants?$94487016 997 $aUNINA